Miasta w Danii - nagła śmierć - Statystyki

Ogólne statystyki
  • Ten quiz został rozwiązany 163 razy
  • Średni wynik to 8 z 14
Answers on the Grid
Answers color-coded by a green-red scale on the quiz's grid according to % correct below.
Aalborg
Aarhus
Bergen
Charlottenlund
Esbjerg
Frederiksberg
Fredrikstad
Gladsaxe
Herning
Horsens
Kolding
Kopenhaga
Kuopio
Nokia
Odense
Oulu
Randers
Roskilde
Skien
Umea
Velje
 
Statystyki odpowiedzi
Odpowiedź % Poprawnych
Kopenhaga
90%
Aarhus
81%
Aalborg
80%
Odense
77%
Esbjerg
68%
Randers
52%
Roskilde
50%
Horsens
47%
Velje
43%
Herning
42%
Kolding
42%
Frederiksberg
37%
Charlottenlund
26%
Gladsaxe
20%
Nie znaleziono quizów pasujących do podanych kryteriów
Rozkład punktacji
Procent ludzi z każdym wynikiem
Percentyl według liczby udzielonych odpowiedzi
Twoja historia wyników
Nie rozwiązałeś tego quizu